Plurinational democracy : stateless nations in a post-sovereignty era (Record no. 38354)

MARC details
000 -LEADER
fixed length control field 00770nam a2200253Ia 4500
008 - FIXED-LENGTH DATA ELEMENTS--GENERAL INFORMATION
fixed length control field 191130s2001##################000#0#eng##
020 ## - INTERNATIONAL STANDARD BOOK NUMBER
International Standard Book Number 9780199240760
022 ## - INTERNATIONAL STANDARD SERIAL NUMBER
International Standard Serial Number 2001036732
040 ## - CATALOGING SOURCE
Original cataloging agency ACL
Transcribing agency ACL
082 ## - DEWEY DECIMAL CLASSIFICATION NUMBER
Classification number 320.15 KEA
100 ## - MAIN ENTRY--PERSONAL NAME
Personal name Keating, Michael
245 ## - TITLE STATEMENT
Title Plurinational democracy : stateless nations in a post-sovereignty era
Statement of responsibility, etc. Michael Keating
260 ## - PUBLICATION, DISTRIBUTION, ETC.
Place of publication, distribution, etc. Oxford
Name of publisher, distributor, etc. Oxford University Press
Date of publication, distribution, etc. 2001
300 ## - PHYSICAL DESCRIPTION
Extent x, 197 p. : ill. ; 24 cm
500 ## - GENERAL NOTE
General note Includes bibliographical references (p. [173]-194) and index
650 ## - SUBJECT ADDED ENTRY--TOPICAL TERM
Topical term or geographic name entry element Democracy
Topical term or geographic name entry element Nationalism
Topical term or geographic name entry element Nation-state
Topical term or geographic name entry element Sovereignty
Topical term or geographic name entry element Statelessness
990 ## - EQUIVALENCES OR CROSS-REFERENCES [LOCAL, CANADA]
Link information for 9XX fields 4d8c1564ac10000c1521435f443e6992
991 ## -
-- 166460
Holdings
Withdrawn status Lost status Materials specified (bound volume or other part) Damaged status Not for loan Home library Current library Shelving location Date acquired Total Checkouts Full call number Barcode Date last seen Price effective from Koha item type
    hbk     Anna Centenary Library Anna Centenary Library 3RD FLOOR, B WING 09.10.2020   320.15 KEA 140707 09.10.2020 09.10.2020 Books
    hbk     Anna Centenary Library Anna Centenary Library 3RD FLOOR, B WING 09.10.2020   320.15 KEA 188320 09.10.2020 09.10.2020 English Books

Find us on the map